Statistics for Earthbound beginnings bosses

Click here to take the quiz!

General Stats

  • This quiz has been taken 9 times
    (5 since last reset)
  • The average score is 4 of 10

Answer Stats

Answer% Correct
Doll
80%
Dragon
80%
Fish
60%
Giygas
60%
BB Boss
40%
Lamp
40%
Starman jr
40%
R0737
0%
R0738
0%
R0738XX
0%

Score Distribution

Percentile by Number Answered

Percent of People with Each Score

Your Score History

You have not taken this quiz since the last reset